Statistics for Biggest Countries by Area (Including Territories)

Click here to take the quiz!

General Stats

  • This quiz has been taken 2,376 times
    (2,369 since last reset)
  • The average score is 17 of 20

Answer Stats

Area (km2)Country% Correct
17,098,242Russia
99%
9,984,670Canada
98%
9,640,821China
98%
9,526,468United States
98%
13,811,842Australia
95%
8,514,877Brazil
95%
3,287,590India
95%
2,780,400Argentina
92%
1,986,525United Kingdom
89%
1,964,375Mexico
88%
1,904,569Indonesia
87%
2,381,741Algeria
86%
2,220,093Denmark
80%
2,149,690Saudi Arabia
77%
2,344,858Dem. Rep of the Congo
74%
2,724,900Kazakhstan
74%
1,886,068Sudan
70%
1,759,540Libya
64%
2,006,102Chile
59%
2,886,519Norway
52%

Score Distribution

Percentile by Number Answered

Percent of People with Each Score

Your Score History

You have not taken this quiz since the last reset